L'educació : una prioritat : 1999, 1998, 1997, 1996, 1995 / Diputació de Barcelona. Àrea d'Educació una prioritat :
Descripción Física:
51 p. : il. col. ; 20 cm
Materias:
Educació -- Barcelona (Província}
MARC
| LEADER | 00000nam a2200000Ia 4500 | ||
|---|---|---|---|
| 001 | 17775 | ||
| 008 | 160829s1999 xx 000 0 cat d | ||
| 080 | |a E-1-255 | ||
| 110 | |a Barcelona (Catalunya : Província). |b Àrea d'Educació |9 8009 | ||
| 245 | |a L'educació : |b una prioritat : |b 1999, 1998, 1997, 1996, 1995 / Diputació de Barcelona. Àrea d'Educació | ||
| 260 | |a Barcelona : |b Diputació de Barcelona. Àrea d'Educació, |c 1999 | ||
| 300 | |a 51 p. : |b il. col. ; |c 20 cm | ||
| 650 | 0 | |a Educació |z Barcelona (Província} |9 40056 | |
| 901 | |a Arxiu | ||
| 942 | |n 1 | ||
| 952 | |0 0 |1 0 |4 0 |6 E1255 |7 1 |9 42473 |a Arxiu |b Arxiu |d 2016-12-01 |l 0 |o E-1-255 |p 17775 |r 2016-12-01 00:00:00 |w 2016-12-01 |y ARXIU | ||
| 999 | |c 44978 |d 44978 | ||